书目信息 |
| 题名: |
债法原理
|
|
| 作者: | 王泽鉴, 著 | |
| 分册: | ||
| 出版信息: | 北京 北京大学出版社 2009.12 |
|
| 页数: | 283页 | |
| 开本: | 23cm | |
| 丛书名: | 元照法学文库 | |
| 单 册: | ||
| 中图分类: | D913.01 | |
| 科图分类: | ||
| 主题词: | 债权法--法的理论--研究 | |
| 电子资源: | ||
| ISBN: | 978-7-301-15953-8 | |
| 000 | 00764nam 2200253 450 | |
| 001 | 012010610312 | |
| 005 | 20100525190235.23 | |
| 009 | 012004415975 | |
| 010 | @a978-7-301-15953-8@dCNY34.00 | |
| 100 | @a20100515d2009 em y0chiy0110 ea | |
| 101 | 0 | @achi |
| 102 | @aCN@b110000 | |
| 105 | @ay z 000yy | |
| 200 | 1 | @a债法原理@Azhai fa yuan li@f王泽鉴著 |
| 210 | @a北京@c北京大学出版社@d2009.12 | |
| 215 | @a283页@d23cm | |
| 225 | 2 | @a元照法学文库@i民法研究系列 |
| 330 | @a本书分为四章,内容包括:基本理论、债之发生:契约、代理权之授予及意定代理、无因管理。 | |
| 410 | 0 | @12001 @a民法研究系列 |
| 606 | 0 | @a债权法@x法的理论@x研究 |
| 690 | @aD913.01@v4 | |
| 701 | 0 | @a王泽鉴,@Awang ze jian,@f1938-@4著 |
| 801 | 0 | @aCN@c20100515 |
| 905 | @dD913.01@eW450@f3 | |
| 债法原理/王泽鉴著.-北京:北京大学出版社,2009.12 |
| 283页;23cm.-(元照法学文库.民法研究系列) |
| ISBN 978-7-301-15953-8:CNY34.00 |
| 本书分为四章,内容包括:基本理论、债之发生:契约、代理权之授予及意定代理、无因管理。 |
| ● |
| 相关链接 |
|
|
|
正题名:债法原理
索取号:D913.01/W450
 
预约/预借
| 序号 | 登录号 | 条形码 | 馆藏地/架位号 | 状态 | 备注 |
| 1 | 983241 | 209832412 | 社科库509/509社科库 81排5列6层/ [索取号:D913.01/W450] | 在馆 | |
| 2 | 983242 | 209832421 | 社科库509/509社科库 81排5列6层/ [索取号:D913.01/W450] | 在馆 | |
| 3 | 983243 | 209832430 | 社科库509/509社科库 81排5列6层/ [索取号:D913.01/W450] | 在馆 |